| 000 | 00491nam a2200193 a 4500 | ||
|---|---|---|---|
| 001 | 1600 | ||
| 003 | CDMR | ||
| 005 | 20130503122447.0 | ||
| 008 | 130130s1986||||||||||||||||||||||||||||d | ||
| 020 | _a8486491002 | ||
| 040 |
_aCDMR _bcat _cCDMR |
||
| 100 | 1 |
_aEspinàs, Josep Maria _92 |
|
| 245 | 1 | 0 |
_aIdentitats _cJosep M.Espinàs |
| 250 | _a3a ed. | ||
| 260 |
_aBarcelona _c1986 _bLa Campana |
||
| 300 |
_a223 p ; _c20 cm |
||
| 650 | 0 | 4 |
_aPeriodistes catalans _93133 _vIntervius |
| 942 |
_cMON _2udc |
||
| 999 |
_c1600 _d1600 |
||